<?xml version="1.0" encoding="UTF-8"?>
<record
    xmlns:xsi="http://www.w3.org/2001/XMLSchema-instance"
    xsi:schemaLocation="http://www.loc.gov/MARC21/slim http://www.loc.gov/standards/marcxml/schema/MARC21slim.xsd"
    xmlns="http://www.loc.gov/MARC21/slim">

  <leader>00572nam a2200181 a 4500</leader>
  <controlfield tag="001">3098</controlfield>
  <controlfield tag="003">CDMR</controlfield>
  <controlfield tag="005">20131115135218.0</controlfield>
  <controlfield tag="008">130130s1974||||||||||||||||||||||||||||d</controlfield>
  <datafield tag="040" ind1=" " ind2=" ">
    <subfield code="a">CDMR</subfield>
    <subfield code="b">cat</subfield>
    <subfield code="c">CDMR</subfield>
  </datafield>
  <datafield tag="100" ind1="1" ind2=" ">
    <subfield code="a">Taufic, Camilo</subfield>
    <subfield code="9">2260</subfield>
  </datafield>
  <datafield tag="245" ind1="1" ind2="0">
    <subfield code="a">Periodismo y lucha de clases</subfield>
    <subfield code="b">: la informaci&#xF3;n como forma de poder pol&#xED;tico</subfield>
    <subfield code="c">Camilo Taufic</subfield>
  </datafield>
  <datafield tag="260" ind1=" " ind2=" ">
    <subfield code="a">Buenos Aires</subfield>
    <subfield code="c">1974</subfield>
    <subfield code="b">Ediciones de la Flor</subfield>
  </datafield>
  <datafield tag="300" ind1=" " ind2=" ">
    <subfield code="a">215 p.</subfield>
  </datafield>
  <datafield tag="650" ind1="0" ind2="4">
    <subfield code="9">999</subfield>
    <subfield code="a">Periodisme</subfield>
    <subfield code="x">Aspectes pol&#xED;tics</subfield>
  </datafield>
  <datafield tag="650" ind1="0" ind2="4">
    <subfield code="9">3542</subfield>
    <subfield code="a">Mitjans de comunicaci&#xF3; de massa</subfield>
    <subfield code="x">Influ&#xE8;ncia</subfield>
  </datafield>
  <datafield tag="942" ind1=" " ind2=" ">
    <subfield code="c">MON</subfield>
    <subfield code="2">udc</subfield>
  </datafield>
  <datafield tag="999" ind1=" " ind2=" ">
    <subfield code="c">3098</subfield>
    <subfield code="d">3098</subfield>
  </datafield>
  <datafield tag="952" ind1=" " ind2=" ">
    <subfield code="0">0</subfield>
    <subfield code="1">0</subfield>
    <subfield code="4">0</subfield>
    <subfield code="7">0</subfield>
    <subfield code="a">CDMR</subfield>
    <subfield code="b">CDMR</subfield>
    <subfield code="d">2013-01-16</subfield>
    <subfield code="l">0</subfield>
    <subfield code="o">Ck 1/14</subfield>
    <subfield code="p">CDMR13119863</subfield>
    <subfield code="r">2013-01-16</subfield>
    <subfield code="w">2013-01-16</subfield>
    <subfield code="y">MON</subfield>
  </datafield>
</record>
